Giáo trình vẽ kỹ thuật xây dựng : Dùng trong các trường đào tạo công nhân xây dựng /
Đã lưu trong:
| 企業作者: | |
|---|---|
| 格式: | Sách giấy |
| 語言: | Vietnamese |
| 出版: |
H. :
Xây dựng,
1979.
|
| 標簽: |
添加標簽
沒有標簽, 成為第一個標記此記錄!
|
| Thư viện lưu trữ: | Thư viện Trường Đại học Đà Lạt |
|---|
| LEADER | 00692nam a2200277 4500 | ||
|---|---|---|---|
| 001 | DLU140163067 | ||
| 005 | ##20131223 | ||
| 040 | # | # | |a DLU |b vie |
| 041 | # | # | |a vie |
| 044 | # | # | |a vn |
| 082 | # | # | |a 720.280 77 |b BOX |
| 110 | # | # | |a Bộ Xây dựng. |
| 245 | # | # | |a Giáo trình vẽ kỹ thuật xây dựng : |b Dùng trong các trường đào tạo công nhân xây dựng / |c Bộ Xây dựng. |
| 260 | # | # | |a H. : |b Xây dựng, |c 1979. |
| 300 | # | # | |a 143 tr. ; |c 24 cm. |
| 923 | # | # | |a TL |
| 991 | # | # | |a SH |
| 992 | # | # | |a 2 |
| 994 | # | # | |a DLU |
| 900 | # | # | |a True |
| 911 | # | # | |a Nguyễn Huyền Anh |
| 925 | # | # | |a G |
| 926 | # | # | |a A |
| 927 | # | # | |a SH |
| 980 | # | # | |a Thư viện Trường Đại học Đà Lạt |